| 000 | 02187pam a2200541 i 4500 | ||
|---|---|---|---|
| 001 | BK0013901035 | ||
| 003 | DLC | ||
| 005 | 20241220141212.0 | ||
| 008 | 140115s2014 caua c 000 1 eng | ||
| 010 | _a2013050369 | ||
| 020 |
_a9781423178293 : SAL _c$15.99 |
||
| 020 |
_a1423178297 : SAL _c$15.99 |
||
| 037 |
_bDisney Pr, C/O Hachette Book Group USA 3 Center Plaza, Boston, MA, USA, 02108-2084 _nSAN 200-2205 |
||
| 040 |
_aDLC _beng _cDLC _erda _dDLC _dNjBwBT _dIMmBT |
||
| 050 | 0 | 0 |
_aPZ7.S33376 _bQui 2014 |
| 082 | 0 | 0 |
_a[Fic] _223 |
| 084 | _aJUV039060 | ||
| 084 | _aJUV019000 | ||
| 084 |
_aJUV035000 _2bisacsh |
||
| 092 | _aFIC | ||
| 092 | _aSCHANEN | ||
| 100 | 1 |
_aSchanen, Adriana Brad. _96274277 |
|
| 245 | 1 | 0 |
_aQuinny & Hopper / _cwritten by Adriana Brad Schanen ; illustrated by Greg Swearingen. |
| 246 | 3 | _aQuinny and Hopper | |
| 250 | _aFirst edition. | ||
| 260 |
_bDisney Pr _c2014 |
||
| 264 | 1 |
_aLos Angeles : _bDisney-Hyperion Books, _c[2014] |
|
| 300 |
_a230 pages : _billustrations ; _c21 cm |
||
| 336 | _atext | ||
| 337 | _aunmediated | ||
| 338 | _avolume | ||
| 520 |
_a"Two polar-opposite eight year olds who become summer best friends find their friendship threatened by the uncertainties of a new school year"-- _cProvided by publisher. |
||
| 650 | 1 |
_aBest friends _vFiction. _95675106 |
|
| 650 | 1 |
_aFriendships _vFiction. _96400135 |
|
| 650 | 1 |
_aIndividuality _vFiction. _95674497 |
|
| 650 | 1 |
_aPeer pressure _vFiction. _96402194 |
|
| 650 | 1 |
_aSchools _vFiction. _95673727 |
|
| 650 | 1 |
_aNeighbors _vFiction. _95678608 |
|
| 650 | 1 |
_aHumorous stories. _96274280 |
|
| 650 | 7 |
_aJUVENILE FICTION / Social Issues / Friendship. _2bisacsh _95675883 |
|
| 650 | 7 |
_aJUVENILE FICTION / Humorous Stories. _2bisacsh _95685987 |
|
| 650 | 7 |
_aJUVENILE FICTION / School & Education. _2bisacsh _95703325 |
|
| 700 | 1 |
_aSwearingen, Greg, _d1976- _eillustrator. _96196234 |
|
| 856 | 4 | 2 |
_3Contributor biographical information _uhttp://www.loc.gov/catdir/enhancements/fy1403/2013050369-b.html |
| 856 | 4 | 2 |
_3Publisher description _uhttp://www.loc.gov/catdir/enhancements/fy1403/2013050369-d.html |
| 942 |
_cBOOK _010 |
||
| 998 | _aa192941 | ||
| 999 |
_c117094 _d117094 |
||